[Event "WYCC U18 Open 2013"]
[Site "Al-Ain UAE"]
[Date "2013.12.23"]
[Round "7.10"]
[White "Ebeling,D"]
[Black "Santos Latasa,J"]
[Result "1/2-1/2"]
[WhiteElo "2374"]
[BlackElo "2467"]

1.e4 e6 2.d4 d5 3.Nd2 Be7 4.Bd3 c5 5.dxc5 Nf6 6.Qe2 O-O 7.Ngf3 a5 8.O-O Na6
9.e5 Nd7 10.c4 Naxc5 11.Bc2 b6 12.b3 Bb7 13.Bb2 Qc7 14.Rfe1 Rfd8 15.h4 h6
16.h5 Nf8 17.Nd4 a4 18.Nb5 Qc6 19.Nf3 dxc4 20.bxc4 Nh7 21.Nbd4 Qc7 22.Nb5 Qc6
23.Nbd4 Qc7 24.Nb5 Qc6  1/2-1/2

[Event "WYCC U18 Open 2013"]
[Site "Al-Ain UAE"]
[Date "2013.12.26"]
[Round "9.29"]
[White "El Jawich,A"]
[Black "Horvath,Dav"]
[Result "0-1"]
[WhiteElo "2156"]
[BlackElo "2351"]

1.e4 e6 2.d4 d5 3.Nd2 Be7 4.Ngf3 c5 5.exd5 exd5 6.dxc5 Bxc5 7.Bd3 Nf6 8.O-O O-O
9.a3 Bg4 10.c4 Nc6 11.Qc2 dxc4 12.Bxc4 Bb6 13.b4 Rc8 14.Qa2 Nd4 15.Ne5 Qc7
16.Re1 Rfe8 17.Nd3 Ne2+ 18.Kh1 Nc3 19.Qb3 Rxe1+ 20.Nxe1 Nd1 21.Nd3 Rd8 22.f3 Rxd3
23.Qxd1 Qxc4 24.fxg4 Ne4 25.Qe1 Rxd2 26.Bxd2 Nf2+ 27.Qxf2 Bxf2 28.Rc1 Qe6  0-1

[Event "WYCC U16 Girls 2013"]
[Site "Al-Ain UAE"]
[Date "2013.12.27"]
[Round "10.23"]
[White "Bagirova,K"]
[Black "Saikhanzaya,Ganbaatar"]
[Result "1-0"]
[WhiteElo "1838"]
[BlackElo "1939"]

1.e4 e6 2.d4 d5 3.Nd2 Be7 4.Bd3 Nf6 5.e5 Nfd7 6.Ne2 c5 7.c3 Nc6 8.Nf3 cxd4
9.cxd4 Nf8 10.O-O Ng6 11.Re1 O-O 12.Bd2 Bd7 13.Rc1 Rc8 14.Bb1 b5 15.g3 f5
16.exf6 Rxf6 17.Nf4 Qf8 18.Bxg6 hxg6 19.Ne5 Be8 20.Ng4 Rf5 21.Nxe6 Qf7 22.Qe2 Bd7
23.Kh1 a6 24.Nf4 Bg5 25.Ne5 Nxe5 26.Rxc8+ Bxc8 27.dxe5 Be7 28.Kg1 Bb7 29.Be3 Qe8
30.Bd4 g5 31.Nd3 Qf8 32.g4 Rf3 33.Kg2 Rf7 34.e6 Rf6 35.Bxf6 d4+ 36.f3 Qxf6
37.a3 Bd5 38.b4 Bc4 39.Qe4 Bd6 40.e7 Bxe7 41.Qxe7 Qxe7 42.Rxe7 Bxd3 43.Rd7 Kf8
44.Rxd4 Bc4 45.Rd6 Ke7 46.Rxa6  1-0

[Event "4th Arco Christmas 2013"]
[Site "Arco ITA"]
[Date "2013.12.27"]
[Round "2.5"]
[White "Schaberg,W"]
[Black "Ovsepyan,A"]
[Result "0-1"]
[WhiteElo "1866"]
[BlackElo "2015"]

1.e4 e6 2.d4 d5 3.Nd2 Nc6 4.c3 dxe4 5.Nxe4 Qd5 6.Qc2 e5 7.dxe5 Bf5 8.Nd6+ Bxd6
9.Qxf5 Nge7 10.Qd3 Qxe5+ 11.Be2 O-O-O 12.Nf3 Qf6 13.Bg5 Qe6 14.Qc4 h6 15.Qxe6+ fxe6
16.Bh4 g5 17.Bg3 e5 18.O-O-O Rhe8 19.Nd2 Ng8 20.Bh5 Rf8 21.Nc4 b5 22.Bf3 Nge7
23.Nxd6+ cxd6 24.h4 Rf7 25.hxg5 hxg5 26.Bxc6 Nxc6 27.Rd5 a6 28.Rhd1 Kc7 29.f3 Rh7
30.R5d2 Rhh8 31.Kc2 Ne7 32.a4 Nf5 33.Bf2 Kc6 34.axb5+ axb5 35.Ra1 Ra8 36.Rxa8 Rxa8
37.g4 Ng7 38.Be3 Ne6 39.Rh2 Rf8 40.Rh3 Kd5 41.Kd3 Nf4+ 42.Bxf4 Rxf4 43.b3 Kc5
44.Ke3 d5 45.Rh5 e4 46.Rxg5 Rxf3+ 47.Kd2 Rf2+ 48.Kc1 Rg2 49.Rg8 Kd6 50.g5 Ke6
51.g6 Kf6 52.Rf8+ Ke7 53.Rg8 b4 54.cxb4 d4 55.b5 d3 56.b6 d2+ 57.Kd1 e3 58.b7 Rg1+
59.Ke2 d1=Q+ 60.Kxe3 Qxb3+  0-1

[Event "WYCC U18 Open 2013"]
[Site "Al-Ain UAE"]
[Date "2013.12.28"]
[Round "11.8"]
[White "Ebeling,D"]
[Black "Andersen,Mad"]
[Result "0-1"]
[WhiteElo "2374"]
[BlackElo "2501"]

1.e4 e6 2.d4 d5 3.Nd2 Nc6 4.Ngf3 Nf6 5.e5 Nd7 6.Be2 f6 7.exf6 Qxf6 8.Nf1 b6
9.Ne3 Bb7 10.O-O O-O-O 11.Bb5 h5 12.c4 dxc4 13.Nxc4 Qf5 14.Qe2 a6 15.Ba4 b5
16.Ne3 Qe4 17.Bb3 Nxd4 18.Nxd4 Qxd4 19.Bxe6 Qe5 20.Bh3 Bd6 21.f4 Qe4 22.Qc2 Rhe8
23.Qxe4 Rxe4 24.Nf5 Bc5+ 25.Kh1 Re2 26.Rd1 Kb8 27.Ng3 Rc2 28.Nf1 Re8 29.b4 Bb6
30.Be3 Bxe3 31.Re1 Nf6 32.Nxe3 Rc3 33.Nf5 Rxe1+ 34.Rxe1 Rxh3 35.Nxg7 Ra3
36.Re2 Rc3 37.Kg1 Ng4 38.Re8+ Ka7 39.Re1 Rc2  0-1

[Event "Cracovia Open A 2013-14"]
[Site "Krakow POL"]
[Date "2013.12.28"]
[Round "2.18"]
[White "Lach,A"]
[Black "Skawinski,A"]
[Result "1-0"]
[WhiteElo "2161"]
[BlackElo "2319"]

1.e4 e6 2.d4 d5 3.Nd2 Nc6 4.Ngf3 Nf6 5.e5 Nd7 6.Bb5 a6 7.Bxc6 bxc6 8.Nb3 a5
9.Bd2 c5 10.c4 c6 11.Rc1 a4 12.Nxc5 Nxc5 13.dxc5 Ba6 14.Qxa4 Bb5 15.Qxa8 Qxa8
16.cxb5 cxb5 17.O-O Be7 18.Nd4 Qa4 19.Be3 Kd7 20.b3 Qa5 21.c6+ Kc7 22.a4 bxa4
23.bxa4 Qxa4 24.Ra1 Qb4 25.Ra7+ Kc8 26.Ra8+ Kc7 27.Rxh8 Bc5 28.Nc2 Qc3 29.Bxc5 Qxc5
30.Ne1 h6 31.Nf3 d4  1-0

[Event "89th Hastings Masters 2013-14"]
[Site "Hastings ENG"]
[Date "2013.12.29"]
[Round "2.1"]
[White "Ma Qun"]
[Black "Kipper,J"]
[Result "1-0"]
[WhiteElo "2595"]
[BlackElo "2378"]

1.e4 e6 2.d4 d5 3.Nd2 Be7 4.c3 c5 5.dxc5 Nf6 6.exd5 Qxd5 7.b4 O-O 8.Ngf3 b6
9.cxb6 axb6 10.Be2 Rd8 11.O-O Qc6 12.Qb3 Nd5 13.Ne4 f5 14.Nd4 Qa4 15.Nd2 Qxb3
16.N2xb3 Nxc3 17.Bc4 Rxa2 18.Rxa2 Nxa2 19.Bf4 Bd6 20.Bxd6 Rxd6 21.Ra1 b5
22.Nxb5 Rc6 23.Na5 Nxb4 24.Nxc6 N4xc6 25.Nd6 Bd7 26.Nxf5 Kf7 27.Ra8 Kf6 28.Ng3 Ke5
29.Bb5 g6 30.f3 Nd4 31.Bxd7 Nxd7 32.Ra5+ Kd6 33.Ne4+ Ke7 34.Ra7 Nc6 35.Rc7 Ne5
36.Nc5 Kd6 37.Nxd7 Nxd7 38.Ra7 h5 39.Kf2  1-0

[Event "15th Czech Christmas"]
[Site "Litomysl CZE"]
[Date "2013.12.29"]
[Round "5.4"]
[White "Petenyi,T"]
[Black "Dowgird,F"]
[Result "1/2-1/2"]
[WhiteElo "2469"]
[BlackElo "2154"]

1.e4 e6 2.d4 d5 3.Nd2 Nc6 4.c3 dxe4 5.Nxe4 Qd5 6.Nd2 e5 7.Ngf3 exd4 8.Bc4 Qf5
9.O-O Be6 10.Bxe6 fxe6 11.cxd4 O-O-O 12.Nc4 Bc5 13.Be3 Nge7 14.Qa4 Bb6 15.Rac1 Kb8
16.Nxb6 cxb6 17.b4 Rd5 18.Rc3 h6 19.Rfc1 g5 20.Qa3 Rhd8 21.h3 Rb5 22.Rc4 Rbd5
23.R4c3 Rb5 24.Rc4 Rbd5 25.R4c3  1/2-1/2

[Event "Rilton Cup 2013-14"]
[Site "Stockholm SWE"]
[Date "2013.12.29"]
[Round "3.28"]
[White "Krantz,C"]
[Black "Jogstad,Martin"]
[Result "1-0"]
[WhiteElo "2233"]
[BlackElo "1941"]

1.e4 e6 2.d4 d5 3.Nd2 Be7 4.Bd3 c5 5.dxc5 Nc6 6.Ngf3 Nf6 7.Qe2 Bxc5 8.c3 d4
9.cxd4 Nxd4 10.Nxd4 Bxd4 11.Nf3 Bc5 12.O-O Qb6 13.Bg5 h6 14.Bh4 g5 15.Bg3 Nh5
16.Be5 f6 17.Nh4 fxe5 18.Qxh5+ Kd8 19.Ng6 Rh7 20.Nxe5 Qc7 21.Ng4 Qg7 22.e5 Rh8
23.Rac1 Bb6 24.Rfd1 Ke7 25.Bb5 a6 26.Rxc8 axb5 27.Rxa8 Rxa8 28.Nf6 Rd8 29.Rd7+ Kf8
30.Rxd8+  1-0

[Event "89th Hastings Masters 2013-14"]
[Site "Hastings ENG"]
[Date "2013.12.31"]
[Round "4.44"]
[White "Clayton,T"]
[Black "Witt,H"]
[Result "0-1"]
[WhiteElo "1832"]
[BlackElo "1648"]

1.e4 e6 2.d4 d5 3.Nd2 Nc6 4.c3 e5 5.dxe5 Nxe5 6.f4 Nc6 7.Bb5 dxe4 8.Bxc6+ bxc6
9.Nxe4 Qxd1+ 10.Kxd1 Bf5 11.Ng3 Bg4+ 12.N1e2 Nf6 13.h3 O-O-O+ 14.Kc2 Bxe2
15.Nxe2 Bc5 16.b4 Rhe8 17.Ng3 Be3 18.Re1 Nd5 19.Nf5 Bxc1 20.Raxc1 Nxf4 21.Nxg7 Rxe1
22.Rxe1 Nxg2 23.Re7 Rf8 24.Re4 f5 25.Re2 Nf4 26.Re5 Nxh3 27.Nxf5 Nf4 28.Nd4 Kd7
29.Rc5 Rf6 30.b5 h5 31.Nxc6 h4 32.Nb8+ Kc8 33.Na6 Rf7 34.Rc6 Rh7 35.Nc5 h3
36.Ne4 h2 37.Nf2 h1=Q 38.Nxh1 Rxh1 39.c4 Rh2+ 40.Kb3 Ne2 41.Kb4 Nd4 42.Kc5  0-1

[Event "Cracovia Open A 2013-14"]
[Site "Krakow POL"]
[Date "2013.12.31"]
[Round "6.12"]
[White "Gajek,R"]
[Black "Vojinovic,J"]
[Result "1/2-1/2"]
[WhiteElo "2252"]
[BlackElo "2335"]

1.e4 e6 2.d4 d5 3.Nd2 Be7 4.Bd3 c5 5.dxc5 Nf6 6.Qe2 a5 7.Ngf3 O-O 8.O-O Na6
9.e5 Nd7 10.c3 Naxc5 11.Bc2 b5 12.Nd4 Qc7 13.f4 b4 14.Re1 Ba6 15.Qe3 g6 16.a4 bxc3
17.bxc3 Rfe8 18.Ba3 Rab8 19.Qh3 Nb6 20.f5 exf5 21.Nxf5 Bf8 22.Qg3 Re6 23.Nd4 Ree8
24.Bc1 Bg7 25.Ba3 Rbc8 26.N2f3 Nc4 27.Bxc5 Qxc5 28.Kh1 Qc7 29.Bb3 Re7 30.Nb5 Bxb5
31.axb5 Rce8 32.Bxc4 dxc4 33.Rab1 Qc5 34.Qf4 Bxe5 35.Nxe5 Rxe5 36.Rxe5 Rxe5
37.h3 Re6 38.Qb8+ Kg7 39.b6 Qf5 40.Rd1 Qb5 41.b7 Re7 42.Rd8 Rxb7 43.Rg8+ Kh6
44.Qf8+ Kh5 45.g4+ Kg5 46.Qd8+ Kf4 47.Qd2+ Kf3 48.Qg2+  1/2-1/2

[Event "26th Staufer-Open A 2014"]
[Site "Schwaebisch Gmuend GER"]
[Date "2014.01.02"]
[Round "1.13"]
[White "Schroeder,Ja"]
[Black "Hoenick,A"]
[Result "1-0"]
[WhiteElo "2373"]
[BlackElo "2148"]

1.e4 e6 2.d4 d5 3.Nd2 Be7 4.Ngf3 Nf6 5.Bd3 c5 6.c3 cxd4 7.cxd4 dxe4 8.Nxe4 Nc6
9.O-O O-O 10.Be3 Nb4 11.Nxf6+ Bxf6 12.Be4 Nd5 13.Rc1 Bd7 14.Qd3 h6 15.Ne5 Bxe5
16.dxe5 Bc6 17.Bc5 Re8 18.Qd2 Qh4 19.f4 Red8 20.g3 Qh3 21.Bg2 Qg4 22.Qf2 h5
23.f5 Qxf5 24.Qxf5 exf5 25.Rxf5 g6 26.Rf2 Re8 27.Re1 b6 28.Bd6 Ne7 29.Bh3 Rad8
30.Rc1 Bd7 31.Bxe7 Rxe7 32.Rd2 Kg7 33.Re1 Bxh3 34.Rxd8 Rc7 35.Rd2 Rc5 36.Kf2 Bg4
37.Re3 a5 38.Kg2 a4 39.a3 b5 40.Rf2 Be6 41.Kf3 Rc4 42.Rc3 Rd4 43.Ke3 Rd5
44.Ke4 Rd1 45.Rc5 Re1+ 46.Kd4 Bc4 47.Kc3 Kf8 48.Kb4 Re4 49.Ka5 h4 50.gxh4 Rxh4
51.e6 Bxe6 52.Rxb5 Bb3 53.Re2 Rh3 54.Rxb3 axb3 55.a4 f5 56.Kb6 f4 57.a5 Re3
58.Rf2 Re6+ 59.Kb5 Re5+ 60.Kb4 g5 61.h4 Re4+ 62.Kxb3 g4 63.Kc3 f3 64.b4 Rf4
65.a6 g3 66.a7 gxf2 67.a8=Q+  1-0

[Event "19th Bosnjaci Open 2014"]
[Site "Bosnjaci CRO"]
[Date "2014.01.03"]
[Round "1.5"]
[White "Fercec,N"]
[Black "Burovic,Rijad"]
[Result "1-0"]
[WhiteElo "2473"]
[BlackElo "1949"]

1.e4 e6 2.d4 d5 3.Nd2 a6 4.Bd3 c5 5.dxc5 Bxc5 6.Ngf3 Nf6 7.Qe2 Nc6 8.O-O Nb4
9.e5 Nd7 10.Nb3 Be7 11.Nbd4 Nxd3 12.cxd3 O-O 13.Be3 Nb6 14.Rac1 Bd7 15.Rc2 Rc8
16.Rfc1 f5 17.Qd2 h6 18.Bxh6 Rxc2 19.Rxc2 Nc8 20.Bg5 Qb6 21.Qc3 Bxg5 22.Nxg5 Ne7
23.Qc5 Qxc5 24.Rxc5 Ng6 25.Ngxe6 Bxe6 26.Nxe6 Re8 27.Ng5 Nxe5 28.Rxd5 Nxd3
29.g3 Nxb2 30.Rxf5 b5 31.h4 Na4 32.Rf7 Ra8 33.Rc7 b4 34.Ne6 a5 35.h5 Re8
36.Nxg7 Re1+ 37.Kg2 Nc3 38.h6 Nxa2 39.Rb7 a4 40.g4 Rd1 41.Nh5 Rd6 42.g5 b3
43.Nf6+  1-0

[Event "25th Roquetas de Mar Open"]
[Site "Roquetas de Mar ESP"]
[Date "2014.01.03"]
[Round "2.4"]
[White "Castellanos Rodriguez,R"]
[Black "Bas Mas,J"]
[Result "1/2-1/2"]
[WhiteElo "2506"]
[BlackElo "2260"]

1.e4 e6 2.d4 d5 3.Nd2 Be7 4.e5 c5 5.c3 Nc6 6.Bd3 cxd4 7.cxd4 Qb6 8.Ndf3 Nh6
9.Ne2 Nf5 10.O-O Bd7 11.Kh1 h5 12.a3 Na5 13.b4 Nc4 14.Bxf5 exf5 15.Bg5 h4
16.Bxe7 Kxe7 17.Nf4 Be6 18.Ng5 Rh6 19.Rc1 Rc8 20.Nf3 Qd8 21.Qa4 a6 22.Nd3 Rc7
23.b5 a5 24.Qb3 b6 25.Nb2 Rc8 26.h3 Rh8 27.a4 Kd7 28.Nxc4 dxc4 29.Qe3 Kc7
30.d5 Qxd5 31.Rxc4+ Qxc4 32.Rc1 Qxc1+ 33.Qxc1+ Kb7 34.Qg5 Rc4 35.Qxg7 Rhc8
36.Ng5 R8c7 37.Nxe6 fxe6 38.Qf6 Rxa4 39.Qxe6 f4 40.Qd5+ Ka7 41.Qd6 Ra1+ 42.Kh2 Rcc1
43.Qd7+ Ka8 44.Qd8+ Ka7  1/2-1/2

[Event "Bay Area International 2014"]
[Site "Santa Clara USA"]
[Date "2014.01.03"]
[Round "2.34"]
[White "Banik,Siddharth G"]
[Black "Evans,Be"]
[Result "1/2-1/2"]
[WhiteElo "2002"]
[BlackElo "2243"]

1.e4 e6 2.d4 d5 3.Nd2 Be7 4.Ngf3 Nf6 5.e5 Nfd7 6.Bd3 c5 7.c3 b6 8.Qe2 a5
9.a4 Ba6 10.Bb5 Qc8 11.c4 Nc6 12.cxd5 exd5 13.e6 fxe6 14.Qxe6 Bxb5 15.axb5 Nxd4
16.Nxd4 cxd4 17.Qxd5 Nf6 18.Qxd4 Qe6+ 19.Qe3 Qxe3+ 20.fxe3 Rc8 21.Nf3 Rc2
22.O-O Bc5 23.Nd4 Bxd4 24.exd4 O-O 25.b3 Re8 26.Bf4 Ree2 27.Rac1 Rxg2+ 28.Kh1 Nd5
29.Bd6 h6 30.Rxc2 Rxc2 31.Rf3 Rc3 32.Kg2 Rxf3 33.Kxf3 Kf7 34.Be5 Nc3 35.Bc7 Nd5
36.Be5 g6 37.Ke4 Ke6 38.Kd3 Kf5 39.Bd6 g5 40.Bg3 Nf4+ 41.Ke3 Nd5+ 42.Kd3 h5
43.Be1 Nf4+ 44.Kc4 Ke4 45.Bxa5 Nd5 46.Bd2 g4 47.Bg5 Nf4 48.Bd8 Nd5 49.Bg5 Nf4  1/2-1/2

[Event "26th Staufer-Open A 2014"]
[Site "Schwaebisch Gmuend GER"]
[Date "2014.01.03"]
[Round "3.28"]
[White "Bergauz,Noam"]
[Black "Farmani Anosheh,A"]
[Result "1-0"]
[WhiteElo "2063"]
[BlackElo "2230"]

1.e4 e6 2.d4 d5 3.Nd2 Be7 4.Ngf3 Nf6 5.e5 Nfd7 6.c3 c5 7.Bd3 Nc6 8.O-O h5
9.dxc5 Ndxe5 10.Bb5 Nxf3+ 11.Nxf3 Bxc5 12.b4 Bd6 13.Re1 a6 14.Ba4 b5 15.Bb3 Be7
16.Qd3 Bb7 17.a4 bxa4 18.Bxa4 O-O 19.Bc2 g6 20.Rxe6 Bf6 21.Bg5  1-0

[Event "ch-RSA Closed 2014"]
[Site "Cape Town RSA"]
[Date "2014.01.04"]
[Round "1.5"]
[White "Cawdery,D"]
[Black "Gluckman,D"]
[Result "0-1"]
[WhiteElo "2382"]
[BlackElo "2232"]

1.e4 e6 2.d4 d5 3.Nd2 Nc6 4.Ngf3 Nf6 5.e5 Nd7 6.Bd3 Nb4 7.Be2 c5 8.c3 Nc6
9.O-O cxd4 10.cxd4 f6 11.exf6 Nxf6 12.a3 Qb6 13.Nb1 Bd6 14.b4 O-O 15.Bb2 Bd7
16.Nbd2 Bf4 17.Nb3 Rad8 18.Nc5 Bc8 19.Bd3 Qc7 20.Re1 Rde8 21.g3 e5 22.dxe5 Bxe5
23.Nxe5 Nxe5 24.f4 Neg4 25.Qf3 b6 26.Nb3 Qf7 27.h3 Nh6 28.Bxf6 Qxf6 29.Qxd5+ Kh8
30.Rxe8 Rxe8 31.Rc1 Bxh3 32.Qh5 Qe6 33.Kh2 Bg4 34.Qe5 Qf7 35.Rc7 Rxe5  0-1

[Event "Bay Area International 2014"]
[Site "Santa Clara USA"]
[Date "2014.01.04"]
[Round "4.32"]
[White "Wang,Michael"]
[Black "Evans,Be"]
[Result "1-0"]
[WhiteElo "2040"]
[BlackElo "2243"]

1.e4 e6 2.d4 d5 3.Nd2 Be7 4.Ngf3 Nf6 5.e5 Nfd7 6.Bd3 c5 7.c3 b6 8.O-O Ba6
9.Ne1 Qc8 10.Qg4 g6 11.Ndf3 h5 12.Qg3 Nc6 13.Bg5 Bxg5 14.Qxg5 Ne7 15.Bxa6 Qxa6
16.Nc2 Rc8 17.Ne3 Rc7 18.h4 Qc8 19.c4 Qa8 20.Rac1 cxd4 21.Nxd4 dxc4 22.Nxc4 Rxc4
23.Rxc4 Qd5 24.Rfc1 Kf8 25.Nf3 a5 26.Rc7 Rh7 27.R1c4 f6 28.exf6 Qd1+ 29.Kh2 Qd6+
30.Qf4 Qxf4+  1-0

[Event "26th Staufer-Open A 2014"]
[Site "Schwaebisch Gmuend GER"]
[Date "2014.01.04"]
[Round "5.14"]
[White "Schoenberger,P"]
[Black "Jurek,J"]
[Result "0-1"]
[WhiteElo "2124"]
[BlackElo "2293"]

1.e4 e6 2.d4 d5 3.Nd2 Be7 4.Bd3 c5 5.dxc5 Nf6 6.Qe2 O-O 7.Ngf3 a5 8.O-O Na6
9.e5 Nd7 10.Nb3 a4 11.Nbd4 Ndxc5 12.Be3 Bd7 13.Nd2 a3 14.Rab1 Nb4 15.bxa3 Nbxd3
16.cxd3 Rxa3 17.N2b3 b6 18.Rfc1 Qa8 19.Rc2 Qa6 20.Nxc5 bxc5 21.Nb3 Bb5 22.Rd1 c4
23.dxc4 Bxc4 24.Qg4 Rb8 25.Bh6 g6 26.Nd4 Rxa2 27.Rxa2 Bxa2 28.h4 Rb1 29.Rxb1 Bxb1
30.Bg5 Bf8 31.h5 gxh5 32.Qxh5 Bg6 33.Qh4 Qd3 34.f3 Bc5  0-1

[Event "ch-RSA Closed 2014"]
[Site "Cape Town RSA"]
[Date "2014.01.05"]
[Round "3.6"]
[White "Mabusela,J"]
[Black "Gluckman,D"]
[Result "1/2-1/2"]
[WhiteElo "2260"]
[BlackElo "2232"]

1.d4 e6 2.e4 d5 3.Nd2 Nc6 4.Ngf3 Nf6 5.e5 Nd7 6.Nb3 a5 7.a4 Be7 8.Bb5 Na7
9.Bd3 b6 10.c3 c5 11.Nbd2 cxd4 12.cxd4 Nc6 13.Nb1 Nb4 14.Bb5 O-O 15.Nc3 Nb8  1/2-1/2

[Event "Bay Area International 2014"]
[Site "Santa Clara USA"]
[Date "2014.01.05"]
[Round "5.6"]
[White "Naroditsky,D"]
[Black "Yang,Dar"]
[Result "1/2-1/2"]
[WhiteElo "2535"]
[BlackElo "2463"]

1.e4 e6 2.d4 d5 3.Nd2 Be7 4.Ngf3 Nf6 5.e5 Nfd7 6.Bd3 c5 7.c3 Nc6 8.O-O a5
9.Re1 cxd4 10.cxd4 g5 11.h3 h5 12.Nf1 g4 13.hxg4 hxg4 14.N3h2 Nxd4 15.Qxg4 Bc5
16.Be3 Qh4 17.Qxh4 Rxh4 18.g3 Rh8 19.f4 b6 20.Rac1 Bb7 21.Kg2 Nb3 22.axb3 d4+
23.Nf3 dxe3 24.Nxe3 Ke7 25.Nc4 Rh2+ 26.Kxh2 Bxf3 27.Ne3 Rh8+ 28.Kg1 Ba8 29.Rxc5 Nxc5
30.Bc2 Rh1+ 31.Kf2 Rh2+ 32.Kg1 Rh1+ 33.Kf2 Rh2+ 34.Kg1 Rh1+  1/2-1/2

[Event "26th Staufer-Open A 2014"]
[Site "Schwaebisch Gmuend GER"]
[Date "2014.01.05"]
[Round "7.15"]
[White "Bodrozic,T"]
[Black "Hoenick,A"]
[Result "1-0"]
[WhiteElo "2256"]
[BlackElo "2148"]

1.e4 e6 2.d4 d5 3.Nd2 Be7 4.c3 c5 5.dxc5 Bxc5 6.Bd3 Nc6 7.Ngf3 Nf6 8.Qe2 O-O
9.O-O Re8 10.e5 Nd7 11.Nb3 Be7 12.Nbd4 Nf8 13.Bf4 Bd7 14.Rad1 a6 15.Bg3 b5
16.Nxc6 Bxc6 17.Nd4 Qb6 18.f4 f6 19.Kh1 f5 20.Bf2 Qb7 21.g4 g6 22.gxf5 exf5
23.Rg1 Kh8 24.h4 Bc5 25.h5 Bxd4 26.cxd4 Ne6 27.Bh4 Nxd4 28.Bf6+ Kg8 29.Qf2 Nf3
30.hxg6 Nxg1 31.Rxg1 d4+ 32.Kh2 h5 33.Qh4 Bf3 34.Qg5  1-0

[Event "26th Staufer-Open A 2014"]
[Site "Schwaebisch Gmuend GER"]
[Date "2014.01.06"]
[Round "9.10"]
[White "Bergauz,Noam"]
[Black "Jurek,J"]
[Result "1/2-1/2"]
[WhiteElo "2063"]
[BlackElo "2293"]

1.e4 e6 2.d4 d5 3.Nd2 Be7 4.Ngf3 Nf6 5.e5 Nfd7 6.Bd3 c5 7.c3 b6 8.Ne4 Qc7
9.Ng3 Ba6 10.O-O Bxd3 11.Qxd3 Nc6 12.b3 Rc8 13.Bf4 cxd4 14.cxd4 Nb4 15.Qe2 O-O
16.Ne1 Nc2 17.Nxc2 Qxc2 18.Qa6 Qc6 19.Rac1 Qa8 20.Be3 Rfe8 21.f4 g6 22.Ne2 h5
23.g3 Red8 24.h3 Rxc1 25.Rxc1 Nb8 26.Qd3 Nc6 27.Bd2 Bf8 28.Kg2 Rc8 29.g4 hxg4
30.hxg4 Ne7  1/2-1/2

[Event "26th Staufer-Open A 2014"]
[Site "Schwaebisch Gmuend GER"]
[Date "2014.01.06"]
[Round "9.21"]
[White "Schoenberger,P"]
[Black "Farmani Anosheh,A"]
[Result "1-0"]
[WhiteElo "2124"]
[BlackElo "2230"]

1.e4 e6 2.d4 d5 3.Nd2 Be7 4.Bd3 Nf6 5.e5 Nfd7 6.Ne2 c5 7.c3 Nc6 8.O-O Qb6
9.Nf3 h6 10.Bc2 a5 11.a3 Qa6 12.Be3 b5 13.dxc5 Bxc5 14.Bxc5 Nxc5 15.Ned4 Bd7
16.Nxc6 Qxc6 17.Nd4 Qb7 18.Qg4 O-O 19.f4 f5 20.exf6 Rxf6 21.Qe2 Re8 22.Rae1 b4
23.axb4 axb4 24.Rf2 bxc3 25.bxc3 Qa6 26.Qe3 Qc4 27.Nf3 Qb5 28.Ne5 Qa5 29.Rf3 Ba4
30.Bb1 Nb3 31.Ng4 Rff8 32.Nxh6+ gxh6 33.Rg3+ Kf7 34.Bg6+ Ke7 35.Qxe6+ Kd8
36.Qd6+ Kc8 37.Bxe8 Rxe8 38.Rxe8+ Bxe8 39.Qe6+ Bd7 40.Rg8+ Kc7 41.Qe5+ Kc6
42.h4 Qc5+ 43.Kh2 h5 44.Rg6+ Kb5 45.f5 d4 46.cxd4 Nxd4 47.Qxc5+ Kxc5 48.f6 Kd6
49.f7+ Ke7 50.f8=Q+ Kxf8 51.Rd6 Nf5 52.Rxd7 Nxh4 53.Kg3 Ng6 54.Rh7 h4+ 55.Kg4 Kg8
56.Ra7 Kh8 57.Kg5 h3 58.Kxg6  1-0